| 000 | 00644cam a22002293a 4500 | ||
|---|---|---|---|
| 001 | 18194 | ||
| 003 | PGUSA | ||
| 005 | 20140828083404.0 | ||
| 008 | 060417s2006||||xxu|||||s|||||000 | eng d | ||
| 040 |
_aPGUSA _beng |
||
| 042 | _adc | ||
| 050 | 4 | _aBQ | |
| 100 | 1 |
_aOlcott, Henry Steel, _d1832-1907 |
|
| 245 | 1 | 4 |
_aThe Life of Buddha and Its Lessons _h[electronic resource] / _cHenry Steel Olcott |
| 260 |
_bProject Gutenberg, _c2006 |
||
| 506 | _aPublic domain in the USA. | ||
| 516 | _aElectronic text | ||
| 653 | _aGautama Buddha | ||
| 830 | 0 |
_aProject Gutenberg _v18194 |
|
| 856 | 4 | 0 | _uhttp://www.gutenberg.org/ebooks/18194 |
| 942 | _cEB | ||
| 999 |
_c247449 _d247449 |
||